historical man-eating animals, by location - Statistics

General Stats
  • This quiz has been taken 8 times
    7 since last reset
  • The average score is 7 of 9
Answer Stats
individual location % Correct
leopard of the Central Provinces India
100%
leopard of Rudraprayag India
100%
Jersey Shore shark New Jersey
100%
beast of Gevaudan France
86%
wolf of Soissons France
86%
Malawi "terror breast'' Malawi
86%
Tsavo maneaters Kenya
43%
Champawat tiger Nepal
43%
Port St. John shark South Africa
14%
No matching quizzes found
Score Distribution
Percent of People with Each Score
Percentile by Number Answered
Your Score History
You have not taken this quiz since the last reset